Landowners face scrutiny (Record no. 69291)

MARC details
000 -LEADER
fixed length control field 00872cam a2200205 4500
001 - CONTROL NUMBER
control field WB3802-28
008 - FIXED-LENGTH DATA ELEMENTS--GENERAL INFORMATION
fixed length control field 020116n2002 000 0 eng u
035 ## - SYSTEM CONTROL NUMBER
System control number (Sirsi) u116321
245 ## - TITLE STATEMENT
Title Landowners face scrutiny
260 ## - PUBLICATION, DISTRIBUTION, ETC.
Date of publication, distribution, etc. 2002
490 ## - SERIES STATEMENT
Series statement Estates Gazette
Volume/sequential designation (0202) 12 January 2002, 23(1)
520 ## - SUMMARY, ETC.
Summary, etc. A letter from the Lord Chancellor's Department, on the Land Registration Bill, suggests that landowners may be forced to register all their land for the first time since the Domesday Book in 1086. The Land Registration Bill, now at committee stage, aims to simplify land registry and make it more accessible; at present it only 'encourages' landowners to register their land.
590 ## - LOCAL NOTE (RLIN)
Local note WB
650 ## - SUBJECT ADDED ENTRY--TOPICAL TERM
Topical term or geographic name entry element LAND REGISTRATION BILL
650 ## - SUBJECT ADDED ENTRY--TOPICAL TERM
Topical term or geographic name entry element HM LAND REGISTRY
650 ## - SUBJECT ADDED ENTRY--TOPICAL TERM
Topical term or geographic name entry element LANDOWNERS
650 ## - SUBJECT ADDED ENTRY--TOPICAL TERM
Topical term or geographic name entry element LAND OWNERSHIP
690 ## - LOCAL SUBJECT ADDED ENTRY--TOPICAL TERM (OCLC, RLIN)
Topical term or geographic name as entry element PROPERTY
942 ## - ADDED ENTRY ELEMENTS (KOHA)
Suppress in OPAC 0
Holdings
Withdrawn status Lost status Source of classification or shelving scheme Damaged status Not for loan Home library Current library Shelving location Date acquired Total Checkouts Full call number Barcode Date last seen Copy number Price effective from Koha item type
    Dewey Decimal Classification     London London News article 16/01/2002   WB3802-28 116321-1001 06/08/2019 1 06/08/2019 News article